| 000 | 00358nam a22001337a 4500 | ||
|---|---|---|---|
| 008 | 240408b |||||||| |||| 00| 0 eng d | ||
| 020 | _a9780670923175 | ||
| 082 | _a658.4 | ||
| 100 | _aSinex, Simon | ||
| 245 |
_aLeaders eat last: _bwhy some teams pull together and others don't. |
||
| 260 |
_aUK: _bPenguin; _c2017. |
||
| 300 |
_a350 p: _c20 cm. |
||
| 942 | _2ddc | ||
| 999 |
_c9862 _d9863 |
||